WHEN ONLY LOVE REMAINS (Record no. 3107)
[ view plain ]
| 000 -LEADER | |
|---|---|
| fixed length control field | 00592nam a22001337a 4500 |
| 082 ## - DEWEY DECIMAL CLASSIFICATION NUMBER | |
| Classification number | 823 |
| Item number | DAT/W |
| 100 ## - MAIN ENTRY--AUTHOR NAME | |
| Personal name | DATTA, DURJOY |
| 245 ## - TITLE STATEMENT | |
| Title | WHEN ONLY LOVE REMAINS |
| 260 ## - PUBLICATION, DISTRIBUTION, ETC. (IMPRINT) | |
| Place of publication | HARYANA |
| Name of publisher | PENGUIN RANDOM HOUSE COMPANY |
| 300 ## - PHYSICAL DESCRIPTION | |
| Number of Pages | 278 |
| 520 ## - SUMMARY, ETC. | |
| Summary, etc | "When only love remains" by Durjoy Datta is a haunting story of love between a singer and a flight attendant. I call it 'haunting' because it deals with two deep issues: love and death. The story starts off at a very slow pace. In fact I had to force myself to read the first half of the book. |
| 650 ## - SUBJECT ADDED ENTRY--TOPICAL TERM | |
| Topical Term | ENGLISH - NOVEL |
| Geographic subdivision | INDIA |
| 942 ## - ADDED ENTRY ELEMENTS (KOHA) | |
| Koha item type | Books |
| Withdrawn status | Lost status | Home library | Current library | Shelving location | Date acquired | Source of acquisition | Full call number | Accession Number | Koha item type |
|---|---|---|---|---|---|---|---|---|---|
| Main Library | Main Library | SHELF-2-I ENGLIAH NOVEL TEACHERS | 07/11/2016 | PURCHASE | 823 DAT/W | 09821 | Books |